Towards Islamic Renaissance (Record no. 270173)

000 -LEADER
fixed length control field 00227 a2200097 4500
001 - CONTROL NUMBER
control field 35100
090 ## - LOCALLY ASSIGNED LC-TYPE CALL NUMBER (OCLC); LOCAL CALL NUMBER (RLIN)
-- 23245
-- 23245
100 ## - MAIN ENTRY--PERSONAL NAME
Personal name Israr ul Haque
245 ## - TITLE STATEMENT
Title Towards Islamic Renaissance
260 ## - PUBLICATION, DISTRIBUTION, ETC.
Place of publication, distribution, etc. Lahor
Name of publisher, distributor, etc. Feroz sons
Date of publication, distribution, etc. 1987
942 ## - ADDED ENTRY ELEMENTS (KOHA)
Institution code [OBSOLETE] NUST-CAE
Call number prefix 297.1971 ISR
Holdings
Withdrawn status Lost status Damaged status Not for loan Collection code Permanent Location Current Location Date acquired Total Checkouts Full call number Barcode Date last seen Price effective from Koha item type
          College of Aeronautical Engineering (CAE) College of Aeronautical Engineering (CAE) 04/03/2017   297.1971 ISR CAE56945 04/05/2017 04/05/2017 Book
          College of Aeronautical Engineering (CAE) College of Aeronautical Engineering (CAE) 04/03/2017   297.1971 ISR CAE66163 04/05/2017 04/05/2017 Book
© 2023 Central Library, National University of Sciences and Technology. All Rights Reserved.